| 000 | 00537nam a2200181 4500 | ||
|---|---|---|---|
| 003 | AR-RoIUNI | ||
| 005 | 20250821142057.0 | ||
| 008 | 250821b |||||||| |||| 00| 0 spa d | ||
| 040 | _cAR-RoIUNI | ||
| 080 | _a159.9 | ||
| 100 | _aMateljan, Carolina | ||
| 245 |
_aDel prohibicionismo a la reduccion de daƱos : _buna evolucion necesaria en politicas publicas sobre drogas _cMateljan, Carolina |
||
| 260 |
_aROSARIO _bIUNIR _c2025 |
||
| 650 |
_aPsicologia _9108 |
||
| 650 | _aDrogas | ||
| 700 | _aMateljan, Carolina | ||
| 942 |
_2cdu _cTIFO |
||
| 999 |
_c6214 _d6214 |
||